000 00335nam a2200109Ia 4500
008 171211s9999 xx 000 0 und d
245 _aProperty in Work: The Employment Relationship in the Anglo-American Firm
245 _cWanjiru Njoya
260 _c2007
650 _xBUSINESS
856 _uhttp://down.ebook777.com/063/113827819X.pdf
999 _c349454
_d349454